| 000 | 01333nam a22003857a 4500 | ||
|---|---|---|---|
| 003 | CHAP | ||
| 005 | 20220329141044.0 | ||
| 008 | 971013s1997 r 00010 d | ||
| 010 | _a61967 | ||
| 011 | _a62939 | ||
| 035 | _a67115 | ||
| 040 | _cCHAP | ||
| 090 | _aTesis | ||
| 100 | 0 | 0 |
_aMaldonado Jaimes, José. _970102 |
| 245 | _aAlternativas en la alimentación del ganado bovino en Minatitlán, Veracruz | ||
| 260 |
_aChapingo, Méx. : _bEl autor, _c1997 |
||
| 300 | _a61 h. | ||
| 502 | _aTesis (Ing. Agr. Esp. en Zootecnia) -- UACH. Departamento de Zootecnia | ||
| 590 |
_aALEPH _b10 _c20130110 _lUCH01 _h1344 |
||
| 590 |
_aBATCH-UPD _b10 _c20130110 _lUCH01 _h0500 |
||
| 590 |
_aBATCH-UPD _b10 _c20130110 _lUCH01 _h2249 |
||
| 590 |
_aBATCH-UPD _b10 _c20130410 _lUCH01 _h0138 |
||
| 590 |
_aBATCH-UPD _b10 _c20130914 _lUCH01 _h0750 |
||
| 590 |
_aCONVERSION _b10 _c20130109 _lUCH01 _h1333 |
||
| 650 | 1 | 4 |
_aBrachiaria decumbens. _914921 |
| 650 | 1 | 4 |
_aGanado vacuno _xAlimentación. _945429 |
| 650 | 1 | 4 |
_aGanado vacuno _xPastoreo. _945502 |
| 650 | 1 | 4 |
_aGanado vacuno _zVeracruz. _945534 |
| 650 | 1 | 4 |
_aLeucaena leucocephala. _966380 |
| 650 | 1 | 4 |
_aPlantas forrajeras _xVeracruz. _988994 |
| 901 | _aBK | ||
| 942 | _cFOLL | ||
| 949 |
_bBC _cTES _d-152332 _eTS1 _h30947 _i67115 _si |
||
| 949 |
_bBC _cTES _d33724000641288 _eTS2 _fc.2 _h30948 _i67115 _si |
||
| 999 |
_c61967 _d61967 |
||